000 00903cab a2200313 4500
001 ABS58685
008 090401t1998 xxu||||| |||| 00| 0 eng d
035 _a(Sirsi) u86363
041 _aeng
245 _aRegional survey: Cambridgeshire
260 _c1998
350 _a0
490 _aProperty Week
_v63(3) 1 May 1998, 44-62(9)
650 _aCAMBRIDGE
650 _aCAMBRIDGESHIRE
650 _aDEVELOPMENT
650 _aEXPANSION
650 _aHOUSING DEMAND
650 _aHOUSING MARKET
650 _aHUNTINGDON
650 _aINDUSTRIAL MARKET
650 _aPROPERTY-COMMERCIAL PROPERTY-OFFICE PROPERTY-OFFICE PROPERTY MARKET
650 _aPETERBOROUGH
650 _aRENTAL LEVELS
650 _aPROPERTY-COMMERCIAL PROPERTY-RETAIL PROPERTY-RETAIL PROPERTY MARKET
690 _aPROPERTY-COMMERCIAL PROPERTY-COMMERCIAL PROPERTY MARKET
942 _n0
948 _c21/05/1998
999 _c54353
_d54353